| 000 | 01392nam a2200325 a 4500 | ||
|---|---|---|---|
| 001 | 000002020 | ||
| 003 | DO-SdBNP | ||
| 005 | 20250409151140.0 | ||
| 007 | ta | ||
| 008 | 090630e19272001dr er 001 hdspa d | ||
| 040 |
_aDO-SdBNP _bspa _cBNPHU |
||
| 082 | 4 |
_a398.2097293 _bJ61a, 2001 _222 |
|
| 100 | 1 |
_aJiménez, Ramón Emilio, _d1886-1970. _96521 |
|
| 245 | 1 | 0 |
_aAl amor del bohío : _cR. Emilio Jiménez ; introducción, Juan Daniel Balcácer, Edición, Eleanor Grimaldi Silié. |
| 250 | _a2a ed. fascím. | ||
| 260 |
_aSanto Domingo : _bSociedad Dominicana de Bibliófilos, _c2001 |
||
| 300 |
_a391 p. ; _c22 cm. |
||
| 490 | 1 |
_aCultura Dominicana ; _v4 |
|
| 500 | _a2a ed. facsím. de acuerdo con la publicada en 1975. | ||
| 500 | _aLa biblioteca posee los vs. 1 y 4 | ||
| 533 |
_aFacsímil: _bSanto Domingo : _cVirgilio Montalvo, _d1927-1929 _e2 v. ; 22 cm. _nPublicada originalmente en dos tomos 1927-1929. _n"En el año 1975 fue publicada en un sólo volumen . "-- Introd. |
||
| 590 | _aInventariado, 2018 / VM | ||
| 650 | 0 |
_aFolclore _zRepública Dominicana _933448 |
|
| 650 | 4 |
_aLiteratura folklórica _zRepública Dominicana _96522 |
|
| 651 | 4 |
_aRepública Dominicana _xVida social y costumbres _9405 |
|
| 700 | 1 |
_aGrimaldi Silié, Eleanor, _d1948- _eed. _985713 |
|
| 700 | 1 |
_aBalcácer, Juan Daniel, _d1949- _96566 |
|
| 910 | _aValidado. Control de calidad MFF | ||
| 942 |
_2ddc _cLBS1 |
||
| 999 |
_c1885 _d1885 |
||